| 000 | 00473pab a2200181 454500 | ||
|---|---|---|---|
| 008 | 180718b2009 xxu||||| |||| 00| 0 eng d | ||
| 100 | _aPapola, T.S. | ||
| 245 | _aIndia: growing fast, but also needs to industrialise! | ||
| 260 | _c2009 | ||
| 300 | _ap.57-70. | ||
| 362 | _aJan-Mar | ||
| 650 | _aIndustrialization | ||
| 650 | _aEconomic growth - India | ||
| 650 | _aEconomic growth | ||
| 773 | _aIndian Journal of Labour Economics | ||
| 908 | _aN | ||
| 909 | _a84111 | ||
| 999 |
_c84111 _d84111 |
||